00888naa#a2200181#i#4500001001600000005001700016011001400033100004100047102000700088200024900095210011900344215001000463608004500473675004800518700005200566700006400618856002400682RU\\bibl\12179420260602095606.2##a2658-638X##a20251215b2025####ek#y0rusy0150####ca##aRU1#aВЛИЯНИЕ ВОЛЕВЫХ КАЧЕСТВ НА ЭФФЕКТИВНОСТЬ УЧЕБНОЙ ДЕЯТЕЛЬНОСТИ КУРСАНТОВ ОБРАЗОВАТЕЛЬНЫХ ОРГАНИЗАЦИЙ МВД РОССИИeЖурнальная статья1#aМоскваcМосковский университет МВД России имени В.Я. Кикотяd2025##a5 с.##aЖурнальная статья2local##aФилософия. Психология. 1#1aШашковаgИрина Алексеевна#1aГончароваgЕлизавета Михайловна4#amosumvd.editorum.ru